Detalles MARC
| 000 -LIDER |
| fixed length control field |
01363nam a2200301 a 4500 |
| 001 - NÚMERO DE CONTROL |
| Identificador de número de control |
000044360 |
| 003 - IDENTIFICACDOR DE NÚMERO DE CONTROL |
| control field |
DO-SdBNP |
| 005 - DATE AND TIME OF LATEST TRANSACTION |
| control field |
20231128093456.0 |
| 007 - CAMPOS FIJOS DE DESCRIPCIÓN FÍSICA |
| fixed length control field |
000044360 |
| 008 - ELEMENTOS DE LONGITUD FIJA |
| fixed length control field |
140624s2008 dr a 000 j spa d |
| 020 ## - ISBN |
| International Standard Book Number |
978994544261 |
| 040 ## - FUENTE DE CATALOGACIÓN |
| Agencia que crea de manera original el registro |
BPMSU |
| Idioma de catalogación |
spa |
| Agencia que realiza la transcripción |
BPMSU |
| 082 #4 - NÚMERO DE CLASIFICACIÓN DECIMAL DE DEWEY |
| Classification number |
A863.08 |
| Item number |
C965p 2008 |
| Edition number |
22 |
| 245 00 - MENCIÓN DE TITULO |
| Título |
Cuentos de piratas, corsarios y bandidos. / |
| Mención de responsabilidad |
edición María del Mar Ravassa G.; ilustración Juan Carlos Nicholls. |
| 250 ## - MENCIÓN DE EDICION |
| Mención de edición |
|
| 260 ## - PUBLICACIÓN, DISTRIBUCIÓN, ETC. (PIE DE IMPRENTA) |
| Lugar de publicación, distribución, etc |
Santo Domingo, : |
| Nombre del editor, distribuidor, etc. |
Editora Taller; |
| -- |
Coedición Latinoamericana, |
| Fecha de publicación, distribución, etc |
2008 |
| 300 ## - DESCRIPCIÓN FÍSICA |
| Extensión |
104 p. : |
| Otros detalles físicos |
il. ; |
| Dimensiones |
22 cm. |
| 490 0# - MENCIÓN DE SERIES |
| Mención de serie |
Coedición Latinoamericana |
| 500 ## - NOTA GENERAL |
| Nota general |
|
| 505 0# - NOTA DE CONTENIDO |
| Título |
Presentación |
| -- |
El Correvolando |
| Información miscelánea |
Bolivia |
| Título |
Un pirata sin piedad |
| Información miscelánea |
Brasil |
| Título |
La toma de Cartagena por Francis Drake |
| Información miscelánea |
Colombia |
| Título |
El tesoro del monaguillo |
| Información miscelánea |
Chile |
| Título |
La tortuga de Cliperton |
| Información miscelánea |
Ecuador |
| Título |
Piratas en Veracruz |
| Información miscelánea |
México |
| Título |
El tamborcito del pirata |
| Información miscelánea |
Perú |
| Título |
Pedro el grande, el primer pirata del Caribe |
| Información miscelánea |
República Dominicana |
| Título |
Los corsarios de Artigas |
| Información miscelánea |
Uruguay |
| Título |
Venturas y desventuras de dos piratas en tierras americanas |
| Información miscelánea |
Venezuela |
| 590 ## - NOTA LOCAL |
| Texto de la nota local |
Inventariado, 2023/VM |
| 650 #4 - ENCABEZAMIENTO DE MATERIA--TEMÁTICO |
| Término temático o nombre geográfico como elemento de entrada |
Cuentos infantiles latinoamericanos |
| Subdivisión de forma |
Colecciones |
| 700 1# - ASIENTO SECUNDARIO -- NOMBRE PERSONAL |
| Nombre personal |
Mar Ravassa G., María del |
| Mención de responsabilidad |
ed. |
| 700 12 - ASIENTO SECUNDARIO -- NOMBRE PERSONAL |
| Nombre personal |
Nicholls, Juan Carlos |
| Mención de responsabilidad |
il. |
| 830 ## - ASIENTO SECUNDARIO DE SERIE--TÍTULO UNIFORME |
| Título uniforme |
|
| 910 ## - VALIDACIÓN |
| Validación |
VMateo V. Control de calidad. BPMSU |
| 942 ## - ADDED ENTRY ELEMENTS (KOHA) |
| Source of classification or shelving scheme |
Dewey Decimal Classification |
| Koha item type |
Libros |